Процессы и аппараты защиты окружающей среды: учебное пособие

מידע ביבליוגרפי
מחבר ראשי: Ветошкин А. Г. Александр Григорьевич
סיכום:Рассмотрены основные процессы и аппараты для защиты атмосферы от аэрозольных пылевых выбросов, технологии защиты атмосферы от выбросов вредных газов и паров, основные процессы и аппараты для защиты гидросферы от жидкостных сбросов с использованием различных методов и способов, приведены основы технологии и оборудования для защиты литосферы от промышленных и бытовых отходов. Описаны методы и средства защиты от действия энергетических выбросов и физических загрязнений различной природы, включая шумы, вибрации, инфразвук, ультразвук, постоянные и переменные электромагнитные поля, тепловое загрязнение и оптическое излучение, а также ионизирующие излучения.
שפה:רוסית
יצא לאור: Москва, Высшая школа, 2008
סדרה:Для высших учебных заведений
נושאים:
פורמט: ספר
KOHA link:https://koha.lib.tpu.ru/cgi-bin/koha/opac-detail.pl?biblionumber=161281

MARC

LEADER 00000nam0a2200000 4500
001 161281
005 20231101222237.0
010 |a 9785060057621  |b (в пер.)  |b 3000 экз. 
021 |a RU  |b 08-87487  |9 08-5109 
035 |a (RuTPU)RU\TPU\book\174894 
090 |a 161281 
100 |a 20081210d2008 m y0rusy5002 ca 
101 0 |a rus 
102 |a RU 
105 |a a j 001zy 
200 1 |a Процессы и аппараты защиты окружающей среды  |e учебное пособие  |f А. Г. Ветошкин 
210 |a Москва  |c Высшая школа  |d 2008 
215 |a 638, [1] с.  |c ил.  |d 22 см. 
225 1 |a Для высших учебных заведений  |i Охрана окружающей среды 
320 |a Библиогр.: с. 633-635. 
330 |a Рассмотрены основные процессы и аппараты для защиты атмосферы от аэрозольных пылевых выбросов, технологии защиты атмосферы от выбросов вредных газов и паров, основные процессы и аппараты для защиты гидросферы от жидкостных сбросов с использованием различных методов и способов, приведены основы технологии и оборудования для защиты литосферы от промышленных и бытовых отходов. Описаны методы и средства защиты от действия энергетических выбросов и физических загрязнений различной природы, включая шумы, вибрации, инфразвук, ультразвук, постоянные и переменные электромагнитные поля, тепловое загрязнение и оптическое излучение, а также ионизирующие излучения. 
606 1 |a Окружающая среда  |x Методы защиты  |2 stltpush  |3 (RuTPU)RU\TPU\subj\38917  |9 59162 
610 1 |a учебные пособия 
610 1 |a атмосфера 
610 1 |a пылеочистка 
610 1 |a пылеулавливание 
610 1 |a газоочистка 
610 1 |a газовые выбросы 
610 1 |a автомобильный транспорт 
610 1 |a гидросфера 
610 1 |a сточные воды 
610 1 |a литосфера 
610 1 |a отходы 
610 1 |a утилизация 
610 1 |a переработка 
610 1 |a обезвреживание 
610 1 |a твердые отходы 
610 1 |a захоронение 
610 1 |a энергетические воздействия 
610 1 |a шумовое загрязнение 
610 1 |a инфразвук 
610 1 |a ультразвук 
610 1 |a вибрационные воздействия 
610 1 |a ионизирующие излучения 
675 |a 502.36(075.8)  |v 3  |z rus 
700 1 |a Ветошкин  |b А. Г.  |g Александр Григорьевич  |4 070 
801 1 |a RU  |b 63413507  |c 20090605  |g PSBO 
801 2 |a RU  |b 63413507  |c 20150428  |g RCR 
900 |a Методы и приборы контроля окружающей среды и экологический мониторинг 
900 |a Технология основных производств, утилизации и переработки отходов 
900 |a Процессы и аппараты защиты окружающей среды 
942 |c BK 
959 |a 64/20090605  |d 2  |e 558,80  |f АНЛ:1  |f ЧЗТЛ:1 
959 |a 158/20121120  |d 5  |e 645,70  |f УФ:5